000 00475cam a2200181ua 4500
020 _c130.00
041 _aeng
_h
082 _a620.3
_bTHO/TH
100 _aThomson, William T .
245 _aTheory of vibration with application /
_cT William Thomson.
_hTextual Documents
250 _a3 /
_b.
260 _aNew Delhi :
_bC B S Publishers & Distributers ,
_c1988.
300 _a467 ; .
365 _a130.00
504 _a
942 _cBK
999 _c8924
_d8924